000 00925nam a2200301 a 4500
005 20260322212050.0
008 data
010 _a 80012945/MN
020 _a089885007X
020 _a9780898850079
040 _aCtY-Mus
_cCtY-Mus
050 0 _aML3920
_b.S3627
096 _aWB 550 S3855m 1981
100 1 _aSchulberg, Cecilia H.
245 1 4 _aThe music therapy sourcebook :
_ba collection of activities categorized and analyzed /
_cCecilia H. Schulberg.
260 0 _aNew York :
_bHuman Sciences Press,
_cc1981.
300 _a296 p. :
_bill., music ;
_c22 cm.
500 _aIncludes index.
504 _aDiscography: p. 260-271.
504 _aBibliography: p. 278-287.
504 _aFilmography: p. 251-259.
590 _aBibliography: p. 278-287.
590 _aDiscography: p. 260-271.
590 _aFilmography: p. 251-259.
590 _aIncludes music and index.
650 0 _aMusic therapy.
001 data
999 _c1181
_d1181